| 000 | 00478nam a2200181 a 4500 | ||
|---|---|---|---|
| 001 | 21644 | ||
| 003 | CO-ViMGA | ||
| 008 | 141112s2004 ck r 000 u spa d | ||
| 040 |
_aCO-ViMGA _bspa _cCO-ViMGA |
||
| 082 | _aBEAi | ||
| 100 | 1 | _aBeal, Kathleen | |
| 245 | 1 | 0 | _aI love my family |
| 260 |
_aMassachussetts : _bAddison - Wesley, _c1991 |
||
| 300 | _a16p. | ||
| 490 | _aA multicultural sing - along big book | ||
| 650 | 1 | 4 | _aCANCIONES INFANTILES EN INGLES |
| 942 |
_2ddc _cBK |
||
| 999 |
_c11610 _d11610 |
||